000 00358nam a2200133Ia 4500
008 230312s9999||||xx |||||||||||||| ||und||
082 _a629.132
_bDIS-C
100 _aDiston;Dominic
245 0 _aComputational Modelling of Aircraft and the Environment
260 _bWiley
_c2009
300 _a356
650 _aAviation
_vEngineering/Technology
942 _cBK
999 _c12978
_d12978